000 01136nam a2200277Ia 4500
003 OSt
005 20200723155935.0
008 191128s1999 en ad gr 000 0 spa d
020 _a9223117925
040 _aCO-JMCCR
_cCO-JMCCR
041 0 _aspa
082 0 4 _a331.12 /
_bO231e
_223
110 2 _aColombia Oficina Internacional del Trabajo
_97719
245 1 0 _aEmpleo un desafio para Colombia :
_bun desafío para Colombia /
_cOficina Internacional del Trabajo
250 _aPrimera edición
260 _aPerú :
_bOrganización Internacional del Trabajo,
_c1999.
300 _a275 páginas
_bilustraciones, cuadros, gráficos a blanco y negro ;
_c24 cm.
490 0 _aEmpleo un desafió para Colombia
505 0 _aEmpleo y desempleo en los 90 -- Escenarios macroeconómicos 1998-2002 y sus implicaciones para el empleo -- Educación y mercados de trabajo -- La reforma del sistema de formación laboral en Colombia -- La institucionalidad laboral
546 _aspa
650 1 4 _aEmpleo
_94788
650 2 4 _aDesempleo
_97697
650 2 4 _aPolítica de Empleo
_97720
650 2 4 _aMercado de trabajo
_97713
942 _2ddc
_cBK
999 _c5652
_d5652